Social mobility among the professions: study of the professions in a transitional Indian city (Record no. 343388)

000 -LEADER
fixed length control field 00396cam a22001217a 4500
008 - FIXED-LENGTH DATA ELEMENTS--GENERAL INFORMATION
fixed length control field 180718b1975 xxu||||| |||| 00| 0 eng d
082 ## - DEWEY DECIMAL CLASSIFICATION NUMBER
Classification number P7x5421 D851
100 ## - MAIN ENTRY--PERSONAL NAME
Personal name Dubey, S. M.
245 ## - TITLE STATEMENT
Title Social mobility among the professions: study of the professions in a transitional Indian city
Statement of responsibility, etc. by S. M. Dubey
260 ## - PUBLICATION, DISTRIBUTION, ETC.
Place of publication, distribution, etc. Bombay
Name of publisher, distributor, etc. Popular
Date of publication, distribution, etc. 1975
300 ## - PHYSICAL DESCRIPTION
Extent 221p.
650 ## - SUBJECT ADDED ENTRY--TOPICAL TERM
Topical term or geographic name entry element Professions - India - U.P.
Holdings
Withdrawn status Lost status Damaged status Not for loan Permanent Location Current Location Date acquired Full call number Barcode Date last seen Price effective from Koha item type
        Indian Institute of Public Administration Indian Institute of Public Administration 1993-09-29 P7x5421 D851 51028 2018-07-21 2018-07-21 Book

Powered by Koha